Online
Catalog

Juan Bosch al desnudo, Joaquín Balaguer al desnudo : (Record no. 21937)

MARC details
000 -CABECERA
campo de control de longitud fija 02046nam a2200397 i 4500
001 - NÚMERO DE CONTROL
campo de control 000022439
003 - IDENTIFICADOR DEL NÚMERO DE CONTROL
campo de control DO-SdBNP
005 - FECHA Y HORA DE LA ÚLTIMA TRANSACCIÓN
campo de control 20260321073640.0
007 - CAMPO FIJO DE DESCRIPCIÓN FÍSICA--INFORMACIÓN GENERAL
campo de control de longitud fija ta
008 - DATOS DE LONGITUD FIJA--INFORMACIÓN GENERAL
campo de control de longitud fija 101011t1999 dr ac 000 0dspa d
020 ## - NÚMERO INTERNACIONAL ESTÁNDAR DEL LIBRO
Número Internacional Estándar del Libro 9993426008
040 ## - FUENTE DE LA CATALOGACIÓN
Centro catalogador/agencia de origen DO-SdBNP
Lengua de catalogación spa
Centro/agencia transcriptor BNPHU
Normas de descripción rda
041 ## - CÓDIGO DE LENGUA
Código de lengua del texto/banda sonora o título independiente spa
082 #4 - NÚMERO DE LA CLASIFICACIÓN DECIMAL DEWEY
Número de clasificación 320.97293
Número de documento/Ítem J61j
Número de edición 22
100 1# - ENTRADA PRINCIPAL--NOMBRE DE PERSONA
Nombre de persona Jimenes Grullón, Juan Isidro,
Fechas asociadas al nombre 1903-1983
Término indicativo de función/relación autor
Código de función/relación aut.
9 (RLIN) 2482
245 10 - MENCIÓN DE TÍTULO
Título Juan Bosch al desnudo, Joaquín Balaguer al desnudo :
Resto del título recopilación de 45 trabajos publicados en el periódico "El Sol" en 1982 /
Mención de responsabilidad, etc. Juan Isidro Jiménes Grullón ; recopilación, correción, edición e introducción de, Ángel Moreta.
246 13 - FORMA VARIANTE DE TÍTULO
Título propio/Titulo breve Joaquín Balaguer al desnudo
264 #1 - PRODUCCIÓN, PUBLICACIÓN, DISTRIBUCIÓN, FABRICACIÓN Y COPYRIGHT
Producción, publicación, distribución, fabricación y copyright Santo Domingo :
Nombre del de productor, editor, distribuidor, fabricante Editora Fundación Hostos,
Fecha de producción, publicación, distribución, fabricación o copyright 1999.
300 ## - DESCRIPCIÓN FÍSICA
Extensión xix, 440 páginas :
Otras características físicas ilustraciones, retratos ;
Dimensiones 21 cm.
336 ## - TIPO DE CONTENIDO
Término de tipo de contenido texto
Código de tipo de contenido txt
Fuente rdacontent
337 ## - TIPO DE MEDIO
Nombre/término del tipo de medio sin mediación
Código del tipo de medio n
Fuente rdamedia
338 ## - TIPO DE SOPORTE
Nombre/término del tipo de soporte volumen
Código del tipo de soporte nc
Fuente rdacarrier
490 1# - MENCIÓN DE SERIE
Mención de serie Sociología Dominicana
Designación de volumen o secuencia 1
500 ## - NOTA GENERAL
Nota general Incluye referencias biliográficas y notas al pie de las páginas.
505 0# - NOTA DE CONTENIDO CON FORMATO
Nota de contenido con formato Juan Bosch al desnudo --
Título Joaquín Balaguer al desnudo --
Información miscelánea Apéndices--
Título El método histórico de Juan Isidro Jimenes Grullón (Sociología política dominicana) --
-- Personajes y algunas instituciones de la época --
-- Documento de Claudio Caamaño sobre las relaciones entre Francisco Alberto Caamaño Deño y Juan Bosch --
-- Folleto publicado por el Partido Dominicano en 1844.
590 ## - NOTA LOCAL (RLIN)
Nota local Inventariado, 2018/ YL
600 10 - PUNTO DE ACCESO ADICIONAL DE MATERIA--NOMBRE DE PERSONA
Nombre de persona Bosch, Juan,
Fechas asociadas al nombre 1909-2001
9 (RLIN) 76555
600 10 - PUNTO DE ACCESO ADICIONAL DE MATERIA--NOMBRE DE PERSONA
Nombre de persona Balaguer, Joaquín,
Fechas asociadas al nombre 1906-2002
Subdivisión general Pensamiento político
9 (RLIN) 76556
650 #4 - PUNTO DE ACCESO ADICIONAL DE MATERIA--TÉRMINO DE MATERIA
Término de materia o nombre geográfico como elemento de entrada Presidentes
Subdivisión geográfica República Dominicana
Subdivisión general Ensayos, conferencias, etc.
9 (RLIN) 46254
650 #4 - PUNTO DE ACCESO ADICIONAL DE MATERIA--TÉRMINO DE MATERIA
Término de materia o nombre geográfico como elemento de entrada Diarios dominicanos
Subdivisión general Secciones, columnas, etc.
9 (RLIN) 44
651 #4 - PUNTO DE ACCESO ADICIONAL DE MATERIA--NOMBRE GEOGRÁFICO
Nombre geográfico República Dominicana
Subdivisión general Política y gobierno
9 (RLIN) 45
700 1# - PUNTO DE ACCESO ADICIONAL--NOMBRE DE PERSONA
Nombre de persona Moreta, Ángel,
Término indicativo de función/relación compilador
Código de función/relación comp.
9 (RLIN) 12142
730 0# - PUNTO DE ACCESO ADICIONAL--TÍTULO UNIFORME
Título uniforme El Sol (República Dominicana)
9 (RLIN) 44336
910 ## - DATOS DE OPCIÓN DEL USUARIO (OCLC)
Datos de opción del usuario Validado. Control de calidad EMS.
942 ## - ELEMENTOS DE PUNTO DE ACCESO ADICIONAL (KOHA)
Fuente del sistema de clasificación o colocación Dewey Decimal Classification
Tipo de ítem Koha Libro
Holdings
Estado de retiro Estado de pérdida Fuente del sistema de clasificación o colocación Restricciones de uso No para préstamo Código de colección Localización permanente Ubicación/localización actual Ubicación en estantería Fecha de adquisición Total de préstamos Signatura topográfica completa Código de barras Fecha visto por última vez Precio válido a partir de Tipo de ítem Koha Número de copia Fuente de adquisición
    Dewey Decimal Classification Excluido de préstamo   Patrimonio Dominicano Biblioteca Nacional Pedro Henríquez Ureña Biblioteca Nacional Pedro Henríquez Ureña Depósito 11.10.2010   BNPHU PD 320.97293 J61j 22439-10 25.06.2020 25.06.2020 Libro    
    Dewey Decimal Classification Excluido de préstamo   Patrimonio Dominicano Biblioteca Nacional Pedro Henríquez Ureña Biblioteca Nacional Pedro Henríquez Ureña Depósito 23.07.2015   BNPHU PD 320.97293 J61j 22439-20 25.06.2020 25.06.2020 Libro e.2  
    Dewey Decimal Classification Préstamo en sala   Dominicana de Servicio Biblioteca Nacional Pedro Henríquez Ureña Biblioteca Nacional Pedro Henríquez Ureña Depósito 10.09.2024   BNPHU DS 320.97293 J61j 2024-5301 10.09.2024 10.09.2024 Libro e.3 Donado por Emilio Cordero Michel

Powered by Koha